| 000 | 00826nam a2200193 4500 | ||
|---|---|---|---|
| 003 | CO-ViMGA | ||
| 020 | _a9789586655286 | ||
| 040 |
_aCO-ViMGA _bspa _cCO-ViMGA |
||
| 090 | _aC COL10 | ||
| 245 | 1 | 0 |
_aColección del cuento corto colombiano _ccompiladores Guillermo Bustamante Zamudio, Harold Kremer |
| 260 |
_aBogotá _bSiglo del Hombre |
||
| 300 |
_a217 páginas _b24 cm |
||
| 490 | _aPlan Nacional de Lectura y Escritura Leer es mi Cuento / Ministerio de Cultura : Artes y humanidades | ||
| 500 | _aRecomendado para un público mayor de 15 años \ Incluye datos biográficos del autor al final del texto | ||
| 650 | 1 | 4 |
_aCuentos Juveniles Colombianos - Colecciones _913216 |
| 650 | 1 | 4 |
_aLiteratura Juvenil Colombiana - Colecciones _913217 |
| 700 | 1 |
_a Bustamante Zamudio, Guillermo Kremer, Harold _913218 |
|
| 942 |
_2ddc _cBK |
||
| 999 |
_c8606 _d8606 |
||